000 01232nam a2200325 i 4500
001 768714001
003 CO-MdFUSB
005 20211016093841.0
007 ta
008 200316t2002 -us |||| |||| 00| 0 eng d
020 _a1565636422
040 _aCO-MdFUSB
_bspa
_cCO-MdFUSB
_dCO-MdFUSBC
_erda
041 _aeng
082 _223
_a296.1
_bN496t
100 _aNeusner, Jacob.
_eautor
245 1 4 _aThe Tosefta :
_btranslated from the Hebrew with a new introduction
_c/ Jacob Neusner
264 1 _aEstados Unidos :
_bHendrickson Publishers,
_c[2002]
264 4 _c© 2002
300 _a947 páginas
_c; 24 cm
336 _2rdacontent
_atexto
_btxt
337 _2rdamedia
_asin mediación
_bn
338 _2rdacarrier
_avolumen
_bnc
505 _aVol 1: Primera división :Zeraim: el orden de la agricultura. Segunda división -- Moed: el orden de los tiempos señalados. -- Tercera división Nashim: el orden de las mujeres. -- Vol 2: Cuarta división: Zeniqin, El orden de los daños y perjuicios. -- Quinta división. El orden de las cosas santas. -- Sexta división: El orden de purezas
563 _aTapa dura
653 _aBiblia
653 _aExodo
942 _cREF
945 _aJTF-925
999 _c65476
_d65476